Safe and effective exercise

Bibliographic Details
Main Author: Pearson, Phillip
Format: Book
Published: the crowood Press , 1998
Subjects:

MARC

LEADER 00000cam a2200000 7i4500
001 0000010227
005 20050418.0
020 |a 1861261691 
040 |a INS 
090 0 0 |a RA781.15.   |b P349 1998 
100 1 |a Pearson, Phillip 
245 1 0 |a Safe and effective exercise   |c Phillip Pearson 
260 |a the crowood Press ,   |c 1998 
300 |a 128p ;   |c 235x165mm. 
650 0 0 |a Exercise   |x safety measures 
999 |a 0000008688   |b BOOK   |c Open Shelf   |e Default branch